Tilastot visalle Burkina Faso -visa

Klikkaa tästä pelataksesi tätä visaa!

Yleistilastot

  • Tätä visaa on pelattu 187 kertaa
  • Keskiarvotulos 11 / 16

Vastaustilastot

VihjeVastaus% Oikein
NaapurimaatNiger
95%
Euroopan valtio, jonka siirtomaa Burkina Faso oli vuosina 1896–1960Ranska
94%
NaapurimaatGhana
92%
NaapurimaatNorsunluurannikko
92%
NaapurimaatMali
91%
NaapurimaatBenin
90%
NaapurimaatTogo
89%
PääkaupunkiOuagadougou
84%
Metalli, joka kattaa 47 % viennistäKulta
74%
Kuitu, joka kattaa 31 % viennistäPuuvilla
66%
Entinen nimiYlä-Volta
56%
Puolikuiva alue Saharan eteläpuolella, jossa Burkina Fason pohjoisosat sijaitsevatSahel
47%
Puhutuin äidinkieliMoore
44%
Mitä Burkina Faso tarkoittaa yllä olevalla kielellä{Vapaiden} ihmisten maa
43%
Vallankumouksellinen, joka tunnetaan Afrikan Che GuevaranaThomas Sankara
37%
Toiseksi väkirikkain kaupunkiBobo-Dioulasso
23%

Tulosjakauma

Persentiili vastausten määrän mukaan

Jokaisen tuloksen saaneiden osuus

Tuloshistoriasi

Et ole pelannut tätä visaa